| 000 | 00416nam a22001697a 4500 | ||
|---|---|---|---|
| 003 | OSt | ||
| 020 | _a9788131512586 | ||
| 082 |
_a657 _bNEE/AC |
||
| 100 | _aBelverd E.Needles | ||
| 245 | _aAccounting for Decision Making | ||
| 250 | _a1st | ||
| 260 |
_acanada _bCengage Learning India Pvt. Ltd. _c2008 |
||
| 300 | _a982 | ||
| 650 | _aInventories | ||
| 700 |
_aMarian Powers _aSusan V.Crosson |
||
| 942 |
_2ddc _cBK |
||
| 999 |
_c189033 _d189033 |
||